[Event "16. Sparkassen Open 2017 - Gruppe A"]
[Site "Forchheim"]
[Date "2017.09.29"]
[Round "1.1"]
[White "Krassowizkij, Jaroslaw"]
[Black "Eiber, Manfred"]
[Result "1-0"]
[WhiteElo "2440"]
[BlackElo "2163"]
[PlyCount "75"]
[EventDate "2017.??.??"]
[WhiteTeam "SV Jedesheim"]
[BlackTeam "SW Nürnberg Süd"]

1. d4 g6 2. c4 Bg7 3. e4 d6 4. Ne2 Nf6 5. f3 O-O 6. Be3 Nc6 7. Nbc3 e5 8. Qd2
a6 9. d5 Na5 10. Nc1 c5 11. a3 b6 12. b4 Nb7 13. Nd3 Nh5 14. g4 Nf4 15. Nxf4
exf4 16. Bxf4 Qf6 17. Rc1 Bd7 18. Be2 cxb4 19. axb4 a5 20. g5 Qe7 21. Rb1 f6
22. bxa5 fxg5 23. Bxg5 Qe5 24. Nd1 Bh3 25. Qe3 Bg2 26. Rg1 Qxh2 27. Qf2 Bd4 28.
Be3 Bxe3 29. Nxe3 Qe5 30. Rxg2 Qc3+ 31. Kf1 Nc5 32. Nd1 Qc2 33. Rb2 Qc1 34. Qe3
Qa1 35. Rxb6 Ra6 36. Rxd6 Qe5 37. Rc6 Nxe4 38. Kg1 1-0

[Event "16. Sparkassen Open 2017 - Gruppe A"]
[Site "Forchheim"]
[Date "2017.09.29"]
[Round "1.2"]
[White "Tong, Kevin"]
[Black "Singer, Christoph"]
[Result "0-1"]
[WhiteElo "2139"]
[BlackElo "2375"]
[PlyCount "58"]
[EventDate "2017.??.??"]
[WhiteTeam "SC Erlangen"]
[BlackTeam "FC Bayern München"]

1. e4 e5 2. Nf3 Nc6 3. Bc4 Bc5 4. c3 Nf6 5. d3 a6 6. O-O Ba7 7. Nbd2 O-O 8. Re1
d6 9. Bb3 Ng4 10. Re2 Kh8 11. h3 Nh6 12. Nf1 f5 13. N1h2 f4 14. Kf1 g5 15. Ng1
g4 16. hxg4 Bxg4 17. Nhf3 Qe8 18. Ke1 Qh5 19. Kd2 Qh1 20. Qf1 Na5 21. Kc2 Nxb3
22. axb3 Bxf3 23. gxf3 Rg8 24. Bd2 Rg2 25. d4 Rag8 26. Ree1 Rxg1 27. Qxg1 Rxg1
28. Rxg1 Qxf3 29. Rae1 Ng4 0-1

[Event "16. Sparkassen Open 2017 - Gruppe A"]
[Site "Forchheim"]
[Date "2017.09.29"]
[Round "1.3"]
[White "Seyb, Alexander"]
[Black "De Silva, Joel Niels"]
[Result "0-1"]
[WhiteElo "2409"]
[BlackElo "2101"]
[PlyCount "74"]
[EventDate "2017.??.??"]
[WhiteTeam "SF 1903 Berlin"]
[BlackTeam "SV Hockenheim"]

1. e4 c5 2. Nf3 Nc6 3. d4 cxd4 4. Nxd4 e5 5. Nb5 d6 6. N1c3 a6 7. Na3 b5 8. Nd5
Nge7 9. c4 Nxd5 10. cxd5 Nd4 11. Bd3 Be7 12. Be3 O-O 13. O-O f5 14. Bxd4 fxe4
15. Bxe4 Rf4 16. Qd3 exd4 17. Bxh7+ Kh8 18. Rae1 Bf6 19. g3 Rg4 20. f4 Ra7 21.
Be4 Re7 22. h3 Rxe4 23. Rxe4 Rg6 24. Rfe1 Qa5 25. R1e2 Kh7 26. h4 Bf5 27. h5
Rg4 28. Kf2 b4 29. Nc2 Qxd5 30. Nxb4 Qc5 31. Nxa6 Qb6 32. Kf3 Kh6 33. Qc4 d3
34. Qxd3 d5 35. Qxd5 Qg1 36. Rg2 Qf1+ 37. Rf2 Rxg3+ 0-1

[Event "16. Sparkassen Open 2017 - Gruppe A"]
[Site "Forchheim"]
[Date "2017.09.29"]
[Round "1.4"]
[White "Hartl, Aldo"]
[Black "Gegenfurtner, Jürgen"]
[Result "0-1"]
[WhiteElo "2132"]
[BlackElo "2293"]
[PlyCount "160"]
[EventDate "2017.??.??"]
[WhiteTeam "TSV Trostberg"]
[BlackTeam "SV Seubelsdorf"]

1. e4 e5 2. Nf3 Nc6 3. d4 exd4 4. Nxd4 Nf6 5. Nxc6 bxc6 6. e5 Qe7 7. Qe2 Nd5 8.
c4 Ba6 9. b3 g6 10. g3 Bg7 11. Bb2 O-O 12. Bg2 Rae8 13. O-O Bxe5 14. Bxe5 Qxe5
15. Qxe5 Rxe5 16. cxd5 Bxf1 17. Kxf1 cxd5 18. Nc3 c6 19. Rd1 Rfe8 20. Bf3 Kf8
21. Ne2 Ke7 22. Rd4 Rb8 23. Ra4 Rb7 24. Ke1 Kd6 25. Kd2 Kc5 26. Nf4 Kb6 27. Be2
a5 28. Bf3 Ra7 29. Nd3 Re8 30. Kc3 d6 31. h4 f5 32. Rf4 Rf7 33. Rd4 Rff8 34.
Nf4 Re1 35. Rd2 Rfe8 36. Rb2 Rc1+ 37. Kd2 Rf1 38. Kd3 Ra1 39. Rc2 Re5 40. Kd2
Re8 41. Kd3 Rae1 42. Kd2 Ra1 43. Kd3 Ree1 44. Ne2 Rad1+ 45. Kc3 Rf1 46. Nf4 Rc1
47. Nd3 d4+ 48. Kb2 Rxc2+ 49. Kxc2 h6 50. Bg2 Rg1 51. Bf3 g5 52. hxg5 hxg5 53.
Be2 Ra1 54. Kb2 Rh1 55. Kc2 Rh2 56. Kd2 d5 57. Ke1 Rh7 58. f4 gxf4 59. gxf4 Rh2
60. Nc1 Rh4 61. Nd3 c5 62. Kd2 a4 63. Ne5 axb3 64. axb3 Rxf4 65. Bf3 Re4 66.
Bxe4 dxe4 67. Nc4+ Kc6 68. Ke2 f4 69. Ne5+ Kb5 70. Nd7 Kb4 71. Nf6 e3 72. Nd5+
Kxb3 73. Nxf4 Kc3 74. Nd5+ Kc2 75. Nf4 c4 76. Ne6 Kc3 77. Nc5 Kb2 78. Ne6 d3+
79. Kxe3 c3 80. Kxd3 c2 0-1

[Event "16. Sparkassen Open 2017 - Gruppe A"]
[Site "Forchheim"]
[Date "2017.09.29"]
[Round "1.5"]
[White "Hilverda, Alexander"]
[Black "Smolka, Alexander"]
[Result "1-0"]
[WhiteElo "2354"]
[BlackElo "2088"]
[PlyCount "81"]
[EventDate "2017.??.??"]
[WhiteTeam "SC Erlangen"]
[BlackTeam "SV Stuttgart-Wolfbusch"]

1. d4 e6 2. c4 f5 3. g3 Nf6 4. Bg2 Be7 5. b3 O-O 6. Bb2 d6 7. Nd2 Qe8 8. Nh3
Bd8 9. Qc2 e5 10. dxe5 dxe5 11. Qc3 Nc6 12. O-O Qh5 13. Rfe1 Rf7 14. f3 Be7 15.
f4 Bb4 16. Qc2 Bc5+ 17. e3 Nb4 18. Qc3 e4 19. Nf2 a5 20. Bf1 Nc6 21. a3 Be6 22.
Be2 Qg6 23. Kh1 h5 24. Nh3 Nh7 25. Nf1 Qh6 26. Rad1 Rd7 27. Rxd7 Bxd7 28. Kg2
Be6 29. Bxh5 b6 30. Rd1 Kf8 31. Be2 Qg6 32. Qc1 Ke7 33. Bc3 Qf7 34. Qb2 Rg8 35.
b4 axb4 36. axb4 Bd6 37. c5 bxc5 38. bxc5 Bxc5 39. Qb5 Bd6 40. Qxc6 Bb3 41. Bb4
1-0

[Event "16. Sparkassen Open 2017 - Gruppe A"]
[Site "Forchheim"]
[Date "2017.09.29"]
[Round "1.6"]
[White "Pfadenhauer, Johannes"]
[Black "Arnold, Max"]
[Result "0-1"]
[WhiteElo "2097"]
[BlackElo "2279"]
[PlyCount "66"]
[EventDate "2017.??.??"]
[WhiteTeam "TSV Bindlach"]
[BlackTeam "SK Ettlingen"]

1. d4 Nf6 2. Nf3 e6 3. g3 b5 4. Bg2 Bb7 5. O-O c5 6. Nbd2 cxd4 7. Nb3 Be7 8.
Bd2 O-O 9. Ba5 Qc8 10. Nbxd4 Nc6 11. Nxc6 Bxc6 12. a3 Qb7 13. Bb4 d6 14. c4
bxc4 15. Qd4 a5 16. Bc3 Bd5 17. Rad1 Rfc8 18. Bh3 Ne8 19. Qg4 Bxf3 20. exf3 Bf6
21. f4 Bxc3 22. bxc3 Qb2 23. f5 e5 24. f6 Nxf6 25. Qxc8+ Rxc8 26. Bxc8 Qxa3 27.
Ba6 Qc5 28. Rb1 g6 29. Rb5 Qa3 30. Rb8+ Kg7 31. Bxc4 Qxc3 32. Bb3 d5 33. Rd1
Qb2 0-1

[Event "16. Sparkassen Open 2017 - Gruppe A"]
[Site "Forchheim"]
[Date "2017.09.29"]
[Round "1.7"]
[White "Schulz, Lukas"]
[Black "Ulusoy, Tolga"]
[Result "1-0"]
[WhiteElo "2248"]
[BlackElo "2082"]
[PlyCount "95"]
[EventDate "2017.??.??"]
[WhiteTeam "SC Forchheim"]
[BlackTeam "SC Noris-Tarrasch Nürnberg"]

1. e4 c5 2. Nf3 d6 3. d4 cxd4 4. Nxd4 Nf6 5. Nc3 g6 6. Be2 Bg7 7. Be3 Nc6 8.
Nb3 O-O 9. g4 Be6 10. f4 a5 11. f5 Bc8 12. a4 d5 13. exd5 Nb4 14. fxg6 fxg6 15.
O-O Nbxd5 16. Nxd5 Qxd5 17. g5 Qe4 18. Qd4 Qxd4 19. Bxd4 Ne4 20. Bc4+ e6 21.
Rxf8+ Kxf8 22. Rf1+ Kg8 23. h4 Bxd4+ 24. Nxd4 Nd2 25. Nxe6 Nxf1 26. Nc7+ Kf8
27. Nxa8 Ne3 28. Bd3 Bf5 29. Nb6 Nxc2 30. Bxf5 gxf5 31. Nc4 Nd4 32. Nxa5 b5 33.
axb5 Nxb5 34. Kf2 Kf7 35. Kg3 Kg6 36. Nc6 Kh5 37. Ne5 Nd4 38. b4 Ne2+ 39. Kh3
Nf4+ 40. Kg3 Ne2+ 41. Kf3 Nd4+ 42. Kf4 Nb5 43. Kg3 Nd4 44. Kh3 f4 45. Nd3 Ne6
46. b5 Kg6 47. b6 Kf5 48. b7 1-0

[Event "16. Sparkassen Open 2017 - Gruppe A"]
[Site "Forchheim"]
[Date "2017.09.29"]
[Round "1.8"]
[White "Amtmann, Florian"]
[Black "Henrich, Thomas"]
[Result "0-1"]
[WhiteElo "2101"]
[BlackElo "2310"]
[PlyCount "60"]
[EventDate "2017.??.??"]
[WhiteTeam "Spvgg Stetten"]
[BlackTeam "SK Marburg"]

1. e4 e6 2. d4 d5 3. e5 c5 4. c3 Qb6 5. Nf3 Nc6 6. a3 Nh6 7. b4 cxd4 8. cxd4
Nf5 9. Be3 Bd7 10. Bd3 Nxe3 11. fxe3 Be7 12. O-O O-O 13. Nc3 f6 14. Na4 Qd8 15.
exf6 gxf6 16. Qb3 Rf7 17. Rac1 b6 18. Rc2 Qe8 19. Nb2 Rg7 20. Rfc1 Qh5 21. Kh1
Kh8 22. Be2 Rag8 23. Bd1 Bd6 24. Nd3 Qh6 25. Nde1 Ne7 26. Kg1 Nf5 27. Rc3 Bb5
28. Qb2 Nxe3 29. Qd2 Bf4 30. Ra1 Nf1 0-1

[Event "16. Sparkassen Open 2017 - Gruppe A"]
[Site "Forchheim"]
[Date "2017.09.29"]
[Round "1.9"]
[White "Reis, Gerhard"]
[Black "Lechermann, Markus"]
[Result "1/2-1/2"]
[WhiteElo "2200"]
[BlackElo "2081"]
[PlyCount "82"]
[EventDate "2017.??.??"]
[WhiteTeam "SW Nürnberg Süd"]
[BlackTeam "MTV Ingolstadt"]

1. Nf3 c5 2. c4 Nc6 3. Nc3 Nf6 4. g3 d5 5. cxd5 Nxd5 6. Bg2 e6 7. O-O Be7 8. d4
Nxc3 9. bxc3 O-O 10. Rb1 Qd7 11. Bf4 Rd8 12. dxc5 Bxc5 13. Qc2 Qe8 14. Ne5 Nxe5
15. Bxe5 f6 16. Bd4 Bxd4 17. cxd4 Rxd4 18. Be4 h6 19. Bxb7 Bxb7 20. Rxb7 Rd7
21. Rfb1 Rc8 22. Qa4 Rxb7 23. Qxe8+ Rxe8 24. Rxb7 Ra8 25. f4 a5 26. a4 Ra6 27.
Kf2 Kh7 28. Kf3 Kg6 29. g4 f5 30. Rb5 Kf6 31. e4 fxg4+ 32. Kxg4 Kg6 33. h4 Kf6
34. e5+ Kg6 35. h5+ Kf7 36. Rb7+ Kf8 37. f5 Rc6 38. Rb8+ Kf7 39. Rb7+ Kf8 40.
Rb8+ Kf7 41. Rb7+ Kf8 1/2-1/2

[Event "16. Sparkassen Open 2017 - Gruppe A"]
[Site "Forchheim"]
[Date "2017.09.29"]
[Round "1.10"]
[White "Martin Fernandez, Rodrigo"]
[Black "Epding, Olaf"]
[Result "0-1"]
[WhiteElo "2115"]
[BlackElo "2255"]
[PlyCount "112"]
[EventDate "2017.??.??"]
[WhiteTeam "SC Erlangen"]
[BlackTeam "SC Noris-Tarrasch Nürnberg"]

1. d4 d5 2. c4 e6 3. Nc3 Be7 4. Nf3 Nf6 5. Bg5 h6 6. Bh4 O-O 7. e3 b6 8. Bd3
Bb7 9. O-O Nbd7 10. Qe2 Ne4 11. Bxe7 Qxe7 12. Rac1 c5 13. Rfd1 Rac8 14. cxd5
exd5 15. Ba6 Ndf6 16. h3 Nxc3 17. Rxc3 c4 18. Bxb7 Qxb7 19. Ne5 b5 20. f3 Rfe8
21. Re1 Re6 22. Qf2 Rce8 23. Rc2 Nh7 24. Rce2 Nf8 25. Qg3 Nd7 26. Ng4 f5 27.
Nf2 Nb8 28. f4 Nc6 29. Qf3 Qd7 30. g4 Rg6 31. Kh2 Kh8 32. gxf5 Qxf5 33. Ng4
Rge6 34. Kg3 Rg6 35. Kf2 Nb4 36. Ne5 Nd3+ 37. Nxd3 cxd3 38. Rd2 Rc8 39. Red1
Rc2 40. Kf1 Rxd2 41. Rxd2 Rc6 42. Kf2 Rc1 43. a3 Kh7 44. Qg4 Qe4 45. f5 Rc2 46.
Qd1 Qxf5+ 47. Kg3 Qe4 48. Kf2 Qf5+ 49. Kg3 h5 50. Kg2 Kh6 51. Kg3 Qe4 52. Kh2
h4 53. Qe1 Kh7 54. Qd1 Kg8 55. Qe1 Qg6 56. Rxc2 Qg3+ 0-1

[Event "16. Sparkassen Open 2017 - Gruppe A"]
[Site "Forchheim"]
[Date "2017.09.29"]
[Round "1.11"]
[White "Linsenmeyer, Mario"]
[Black "Meulner, Klaus"]
[Result "1-0"]
[WhiteElo "2105"]
[BlackElo "2117"]
[PlyCount "43"]
[EventDate "2017.??.??"]
[WhiteTeam "FSV Großenseebach"]
[BlackTeam "SW Nürnberg Süd"]

1. d4 b6 2. c4 Bb7 3. Nc3 e6 4. e4 Bb4 5. f3 f5 6. exf5 Nh6 7. fxe6 Nf5 8. Bf4
dxe6 9. Qa4+ Nc6 10. d5 exd5 11. O-O-O Bxc3 12. cxd5 Qf6 13. dxc6 Bxc6 14. Bb5
Bxb5 15. Qxb5+ c6 16. Qe2+ Ne7 17. Nh3 Bb4 18. Bg5 Qf7 19. Rd4 Bc5 20. Bxe7
Bxe7 21. Re1 Rd8 22. Rf4 1-0

[Event "16. Sparkassen Open 2017 - Gruppe A"]
[Site "Forchheim"]
[Date "2017.09.29"]
[Round "1.12"]
[White "Woll, Wilfried"]
[Black "Fieberg, Samuel"]
[Result "0-1"]
[WhiteElo "2080"]
[BlackElo "2239"]
[PlyCount "78"]
[EventDate "2017.??.??"]
[WhiteTeam "Greifswalder SV"]
[BlackTeam "SG Porz"]

1. c4 c6 2. g3 d5 3. Nf3 Nf6 4. Bg2 e6 5. O-O Bd6 6. b3 O-O 7. Bb2 Nbd7 8. d3
b6 9. Nc3 Bb7 10. e4 e5 11. Nh4 d4 12. Ne2 c5 13. Nf5 Bc7 14. Bc1 g6 15. Nh6+
Kg7 16. Bg5 Qe8 17. f4 Ng8 18. Nxg8 Rxg8 19. fxe5 Bxe5 20. Bh3 f6 21. Bd2 Nf8
22. Nf4 Bxf4 23. Rxf4 g5 24. Rf2 Ng6 25. Qe2 h6 26. Raf1 Rf8 27. Bf5 Ne5 28. h4
Qe7 29. h5 Bc6 30. Rc1 b5 31. Be1 a5 32. cxb5 Bxb5 33. Rd1 a4 34. Qf1 axb3 35.
axb3 Ra3 36. Rb2 Rfa8 37. Qe2 Ra1 38. Rbd2 Qf7 39. g4 Qxb3 0-1

[Event "16. Sparkassen Open 2017 - Gruppe A"]
[Site "Forchheim"]
[Date "2017.09.29"]
[Round "1.13"]
[White "Golda, Harald"]
[Black "Manthey, Frank"]
[Result "1-0"]
[WhiteElo "2268"]
[BlackElo "2049"]
[PlyCount "63"]
[EventDate "2017.??.??"]
[WhiteTeam "SK Schweinfurt"]
[BlackTeam "SK Schwanstetten"]

1. d4 d5 2. Nf3 Nf6 3. c4 e6 4. e3 Be7 5. Nc3 O-O 6. Bd3 b6 7. O-O Bb7 8. b3
Nbd7 9. Bb2 c5 10. Qe2 Rc8 11. Rfd1 Qc7 12. Rac1 Qb8 13. cxd5 exd5 14. Ba6 Bd6
15. Bxb7 Qxb7 16. dxc5 bxc5 17. Qd2 Nb6 18. Nb5 Be7 19. Bxf6 gxf6 20. Nc3 Rfd8
21. Ne2 f5 22. Ng3 f4 23. Nf5 Bf6 24. exf4 Qd7 25. Ng3 d4 26. Qd3 Nd5 27. Ne4
Be7 28. Neg5 Bxg5 29. Nxg5 f5 30. g3 Kh8 31. Rxc5 Nxf4 32. Rxc8 1-0

[Event "16. Sparkassen Open 2017 - Gruppe A"]
[Site "Forchheim"]
[Date "2017.09.29"]
[Round "1.14"]
[White "Mantel, Ruben"]
[Black "Glawe, Ralf"]
[Result "1/2-1/2"]
[WhiteElo "1939"]
[BlackElo "2066"]
[PlyCount "45"]
[EventDate "2017.??.??"]
[WhiteTeam "SC Noris-Tarrasch Nürnberg"]
[BlackTeam "MTV Ingolstadt"]

1. e4 c5 2. Nc3 e6 3. g3 d5 4. exd5 exd5 5. d4 cxd4 6. Qxd4 Nf6 7. Bg2 Nc6 8.
Qa4 Be7 9. Nf3 O-O 10. O-O h6 11. Bf4 Be6 12. Rad1 Qb6 13. Qb5 Qxb5 14. Nxb5
Rac8 15. c3 Rfd8 16. Rfe1 Bc5 17. h3 Bf5 18. Nbd4 Be4 19. Be3 Bb6 20. g4 Re8
21. Kf1 Na5 22. Nd2 Bd3+ 23. Kg1 1/2-1/2

[Event "16. Sparkassen Open 2017 - Gruppe A"]
[Site "Forchheim"]
[Date "2017.09.29"]
[Round "1.15"]
[White "Kilian, Markus"]
[Black "Guggenberger, Guido"]
[Result "1/2-1/2"]
[WhiteElo "2031"]
[BlackElo "1972"]
[PlyCount "58"]
[EventDate "2017.??.??"]
[WhiteTeam "SV Würzburg"]
[BlackTeam "TV Tegernsee"]

1. d4 Nf6 2. c4 c5 3. d5 e5 4. Nc3 d6 5. e4 Be7 6. Bd3 Nbd7 7. Nge2 a6 8. a3
O-O 9. Ng3 Ne8 10. Rb1 Bg5 11. O-O g6 12. b4 Bxc1 13. Qxc1 cxb4 14. axb4 Ng7
15. Na4 a5 16. Qd2 f5 17. Rfc1 f4 18. Nf1 axb4 19. Qxb4 Qa5 20. Nb6 Qxb4 21.
Rxb4 Ra3 22. Nxd7 Bxd7 23. Be2 Rb8 24. c5 dxc5 25. Rxc5 Ne8 26. h3 Kf8 27. Bg4
Ra4 28. Rcc4 Rxb4 29. Rxb4 Bxg4 1/2-1/2

[Event "16. Sparkassen Open 2017 - Gruppe A"]
[Site "Forchheim"]
[Date "2017.09.29"]
[Round "1.16"]
[White "Gil, Arthur"]
[Black "Süß, Stefan"]
[Result "1-0"]
[WhiteElo "2067"]
[BlackElo "2031"]
[PlyCount "35"]
[EventDate "2017.??.??"]
[WhiteTeam "SU Ebersberg-Grafing"]
[BlackTeam "SC Noris-Tarrasch Nürnberg"]

1. e4 c5 2. Nf3 e6 3. d4 cxd4 4. Nxd4 a6 5. Nc3 Qc7 6. Bd3 Nf6 7. Be3 Bb4 8.
O-O Bxc3 9. bxc3 Qxc3 10. e5 Nd5 11. Qg4 Kf8 12. Rab1 Nc6 13. Qh4 f6 14. Rb3
Qa5 15. exf6 Nxf6 16. Nf3 Ne5 17. Nxe5 Qxe5 18. Bd4 1-0

[Event "16. Sparkassen Open 2017 - Gruppe A"]
[Site "Forchheim"]
[Date "2017.09.29"]
[Round "1.17"]
[White "Kast, Joannis"]
[Black "Gerl, Hans"]
[Result "1-0"]
[WhiteElo "2062"]
[BlackElo "2057"]
[PlyCount "103"]
[EventDate "2017.??.??"]
[WhiteTeam "SK Jöhlingen"]
[BlackTeam "SK Zirndorf"]

1. e4 c5 2. Nf3 d6 3. d4 cxd4 4. Nxd4 Nf6 5. f3 g6 6. c4 Bg7 7. Be3 O-O 8. Qd2
Re8 9. Nc3 Nc6 10. Be2 Bd7 11. O-O Rc8 12. Rac1 a6 13. b3 Nxd4 14. Bxd4 Bc6 15.
Rfd1 Qd7 16. Bb6 Rf8 17. Bf1 Qe8 18. Nd5 Nd7 19. Ba5 Bxd5 20. cxd5 b6 21. Bc3
a5 22. Bxg7 Kxg7 23. Bb5 Rc5 24. Qd4+ Kg8 25. Rxc5 dxc5 26. Qa4 Qb8 27. Bxd7
Qf4 28. Qc4 Rd8 29. Bb5 e6 30. Qe2 exd5 31. exd5 Rd6 32. Bc4 h5 33. g3 Qf6 34.
Qe8+ Kg7 35. f4 h4 36. Qe5 hxg3 37. hxg3 g5 38. Qxg5+ Qxg5 39. fxg5 Kg6 40. Rf1
b5 41. Rf6+ Rxf6 42. gxf6 bxc4 43. bxc4 Kxf6 44. Kf2 Ke5 45. Ke3 Kf5 46. Kf3 a4
47. g4+ Ke5 48. Ke3 a3 49. Kf3 f6 50. Ke3 f5 51. gxf5 Kxf5 52. Kd3 1-0

[Event "16. Sparkassen Open 2017 - Gruppe A"]
[Site "Forchheim"]
[Date "2017.09.29"]
[Round "1.18"]
[White "Link, Andreas"]
[Black "Bendel, Ralf"]
[Result "1-0"]
[WhiteElo "2011"]
[BlackElo "2116"]
[PlyCount "151"]
[EventDate "2017.??.??"]
[WhiteTeam "Zabo-Eintracht Nürnberg"]
[BlackTeam "SC Friedberg Gehörl. SV"]

1. e4 c5 2. Nf3 d6 3. c3 Nf6 4. Bd3 Nc6 5. Bc2 Bg4 6. h3 Bh5 7. g4 Bg6 8. Qe2
e6 9. d3 Nd7 10. Nbd2 Be7 11. Nf1 h5 12. g5 h4 13. Ne3 Nde5 14. Rg1 Nxf3+ 15.
Qxf3 Bxg5 16. Qg2 Bh6 17. Bd2 Qe7 18. O-O-O O-O-O 19. Rdf1 Bf4 20. Qg4 Qf6 21.
Nd5 Bxd2+ 22. Kxd2 Qe5 23. f4 Qh5 24. Ne3 Qxg4 25. Rxg4 d5 26. exd5 exd5 27. f5
Bh5 28. Rxg7 d4 29. Ng2 Ne5 30. Nf4 c4 31. cxd4 Nf3+ 32. Kc1 Nxd4 33. dxc4 Nxc2
34. Kxc2 Rd4 35. Rg5 Bd1+ 36. Kc3 Rhd8 37. Nd5 Rxc4+ 38. Kxc4 Be2+ 39. Kc5 Bxf1
40. Nf4 Kd7 41. b3 Rc8+ 42. Kd4 Rc2 43. Rg7 Ke7 44. Nd5+ Kd6 45. Ne3 Rd2+ 46.
Ke4 Bd3+ 47. Kf3 Ke7 48. Rh7 Rxa2 49. Rxh4 a5 50. Rd4 Bb5 51. Nd5+ Kf8 52. Kf4
Rf2+ 53. Ke5 Bd7 54. Ne3 Re2 55. Rxd7 Rxe3+ 56. Kf6 Ke8 57. Rxb7 Rxh3 58. Rb8+
Kd7 59. Kxf7 Rg3 60. Rb5 Kc6 61. Rxa5 Rxb3 62. Re5 Kd6 63. Re6+ Kd7 64. f6 Rf3
65. Re1 Rd3 66. Kf8 Kd8 67. f7 Rg3 68. Re5 Kd7 69. Rd5+ Ke6 70. Rd1 Re3 71. Rd8
Rf3 72. Re8+ Kd7 73. Kg8 Rg3+ 74. Kh7 Rh3+ 75. Kg6 Rg3+ 76. Kh5 1-0

[Event "16. Sparkassen Open 2017 - Gruppe A"]
[Site "Forchheim"]
[Date "2017.09.29"]
[Round "1.19"]
[White "Hoffmann, Sebastian"]
[Black "Diller, Peter"]
[Result "1-0"]
[WhiteElo "1932"]
[BlackElo "1976"]
[PlyCount "49"]
[EventDate "2017.??.??"]
[WhiteTeam "SC Noris-Tarrasch Nürnberg"]
[BlackTeam "SK Rothenburg"]

1. Nf3 e6 2. d4 d5 3. Bf4 c5 4. e3 Nc6 5. c3 Nf6 6. Nbd2 a6 7. Bd3 b5 8. O-O c4
9. Bc2 Bd6 10. Bg3 Bb7 11. Ne5 Qc7 12. f4 Ne7 13. Ndf3 Ne4 14. Bxe4 dxe4 15.
Ng5 Bxe5 16. fxe5 Nf5 17. Rxf5 exf5 18. e6 Qe7 19. Nxf7 Rf8 20. Qh5 Bd5 21.
Nd6+ Kd8 22. Bh4 Rf6 23. Nxf5 Qxe6 24. Nxg7 Qc6 25. Bxf6+ 1-0

[Event "16. Sparkassen Open 2017 - Gruppe A"]
[Site "Forchheim"]
[Date "2017.09.29"]
[Round "1.20"]
[White "Adelhütte, Dennis"]
[Black "Böhme, Markus"]
[Result "1/2-1/2"]
[WhiteElo "1941"]
[BlackElo "2028"]
[PlyCount "48"]
[EventDate "2017.??.??"]
[WhiteTeam "SC JÄKLECHEMIE"]
[BlackTeam "SC Uttenreuth"]

1. d4 Nf6 2. c4 c5 3. d5 b5 4. cxb5 a6 5. f3 axb5 6. e4 Qa5+ 7. Bd2 b4 8. Na3
d6 9. Nc4 Qd8 10. a3 e6 11. dxe6 Bxe6 12. axb4 Rxa1 13. Qxa1 d5 14. exd5 Nxd5
15. Na5 Nxb4 16. Bb5+ Nd7 17. Qa4 Bd6 18. Nb7 Qh4+ 19. Kd1 Ke7 20. Nxd6 Kxd6
21. Ne2 Nb6 22. Qa7 Bb3+ 23. Kc1 N6d5 24. Nc3 f5 1/2-1/2

[Event "16. Sparkassen Open 2017 - Gruppe A"]
[Site "Forchheim"]
[Date "2017.09.29"]
[Round "1.21"]
[White "Böhme, Sebastian"]
[Black "Krüger, Till"]
[Result "0-1"]
[WhiteElo "2090"]
[BlackElo "1991"]
[PlyCount "90"]
[EventDate "2017.??.??"]
[WhiteTeam "SC Uttenreuth"]
[BlackTeam "SC Nidderau"]

1. e4 d6 2. Nc3 Nf6 3. f4 e5 4. Nf3 Be7 5. Bc4 O-O 6. d3 Nc6 7. O-O Na5 8. Bb3
Nxb3 9. axb3 c6 10. Kh1 Qc7 11. d4 Bg4 12. Be3 exf4 13. Bxf4 Nh5 14. Qd2 Nxf4
15. Qxf4 Bd7 16. Nh4 Bxh4 17. Qxh4 Qd8 18. Qh5 f6 19. Rae1 Be8 20. Qg4 Qd7 21.
Qf4 Bg6 22. h3 Rfe8 23. Re2 Re7 24. Rfe1 Rae8 25. b4 a6 26. d5 Re5 27. dxc6
Qxc6 28. Kh2 Qc4 29. b5 axb5 30. Rd2 b4 31. Nd1 d5 32. Ne3 Qxe4 33. Qxe4 Rxe4
34. Rxd5 Rxe3 35. Rxe3 Rxe3 36. Rb5 Be4 37. g4 Re2+ 38. Kg3 Rxc2 39. Rxb4 Bc6
40. Kf4 Kf7 41. h4 Rf2+ 42. Kg3 Rf3+ 43. Kh2 Re3 44. Rb6 Re5 45. Rb3 Rb5 0-1

[Event "16. Sparkassen Open 2017 - Gruppe A"]
[Site "Forchheim"]
[Date "2017.09.29"]
[Round "1.22"]
[White "Brenner, Christian"]
[Black "Englert, Jon"]
[Result "1/2-1/2"]
[WhiteElo "2020"]
[BlackElo "2005"]
[PlyCount "71"]
[EventDate "2017.??.??"]
[WhiteTeam "Zabo-Eintracht Nürnberg"]
[BlackTeam "TV-Großostheim"]

1. e4 c5 2. Nf3 d6 3. d4 cxd4 4. Nxd4 Nf6 5. Nc3 g6 6. Be3 Bg7 7. f3 a6 8. Bc4
b5 9. Bb3 Nbd7 10. Nd5 Bb7 11. O-O O-O 12. c3 Nc5 13. Nxf6+ Bxf6 14. Qe2 Rc8
15. Rfd1 Rc7 16. Rd2 Qa8 17. Rad1 Rfc8 18. Nc2 Nxb3 19. axb3 Re8 20. Qf2 Qc8
21. Bb6 Rd7 22. h4 Bg7 23. h5 Bh6 24. hxg6 hxg6 25. Ne3 Qc6 26. Ng4 Bxd2 27.
Rxd2 Kg7 28. Bd4+ f6 29. Qh4 Rh8 30. Bxf6+ exf6 31. Qxf6+ Kh7 32. g3 Qc5+ 33.
Kf1 Kg8 34. Qxg6+ Kf8 35. Qf6+ Kg8 36. Qg6+ 1/2-1/2

[Event "16. Sparkassen Open 2017 - Gruppe A"]
[Site "Forchheim"]
[Date "2017.09.29"]
[Round "1.23"]
[White "Schmidt, Olaf"]
[Black "Lichii, Elizaveta"]
[Result "1-0"]
[WhiteElo "2076"]
[BlackElo "1906"]
[PlyCount "83"]
[EventDate "2017.??.??"]
[WhiteTeam "SK Rochade Augsburg"]

1. d4 Nf6 2. Nf3 e6 3. c4 Bb4+ 4. Bd2 Qe7 5. g3 O-O 6. Bg2 Bxd2+ 7. Nbxd2 Nc6
8. O-O d6 9. e4 a5 10. d5 Nb8 11. dxe6 Bxe6 12. Nd4 Bg4 13. f3 Bd7 14. Nb1 Nc6
15. Nb5 Be6 16. N1a3 Ne5 17. Rc1 Qd7 18. f4 Bg4 19. Qd2 Nc6 20. f5 Ne5 21. h3
Bh5 22. c5 dxc5 23. Qxd7 Nfxd7 24. g4 Bxg4 25. hxg4 Nxg4 26. Nxc7 Rac8 27. Nd5
Rfe8 28. Nc4 Rb8 29. a4 b6 30. Rc3 Ngf6 31. Nxf6+ Nxf6 32. e5 Ng4 33. e6 fxe6
34. fxe6 Nf6 35. Re1 Re7 36. Rd3 g6 37. Rd6 b5 38. Nxa5 Ne8 39. Rd7 Rg7 40. Nc6
Rb6 41. Rd8 Kf8 42. Rf1+ 1-0

[Event "16. Sparkassen Open 2017 - Gruppe A"]
[Site "Forchheim"]
[Date "2017.09.29"]
[Round "1.24"]
[White "Bethke, Robert"]
[Black "Gentner, Markus"]
[Result "0-1"]
[WhiteElo "1900"]
[BlackElo "2006"]
[PlyCount "50"]
[EventDate "2017.??.??"]
[WhiteTeam "SF Neuberg"]
[BlackTeam "SC Murrhardt"]

1. c4 Nf6 2. Nc3 e6 3. Nf3 c5 4. d3 b6 5. g3 Bb7 6. Bg2 Be7 7. O-O O-O 8. e4 d6
9. Re1 Nbd7 10. Qc2 a6 11. a3 Qc7 12. b4 Rfd8 13. Rb1 Rac8 14. b5 a5 15. Bf4
Nf8 16. e5 N6d7 17. exd6 Bxd6 18. Bxd6 Qxd6 19. Rbd1 Ng6 20. d4 Bxf3 21. Bxf3
cxd4 22. Ne4 Qxa3 23. Rd3 Qb4 24. Nd2 Nde5 25. Rb3 d3 0-1

[Event "16. Sparkassen Open 2017 - Gruppe A"]
[Site "Forchheim"]
[Date "2017.09.29"]
[Round "1.25"]
[White "Wichmann, Adrian"]
[Black "Bachhuber, Dominik"]
[Result "1-0"]
[WhiteElo "2018"]
[BlackElo "1909"]
[PlyCount "71"]
[EventDate "2017.??.??"]
[WhiteTeam "SC Forchheim"]
[BlackTeam "SC JÄKLECHEMIE"]

1. e4 c5 2. Nf3 d6 3. d4 cxd4 4. Nxd4 Nf6 5. Nc3 a6 6. Bc4 e6 7. f3 Qc7 8. Bb3
Nbd7 9. O-O b5 10. a3 Nb6 11. Kh1 Be7 12. f4 O-O 13. Qe2 Re8 14. Rf3 e5 15.
fxe5 dxe5 16. Nf5 Bf8 17. Nh6+ gxh6 18. Rxf6 Nc4 19. Nd5 Qd8 20. Rf1 Re6 21.
Ne3 Rg6 22. Nxc4 bxc4 23. Bxc4 Be6 24. Bxe6 Rxe6 25. Be3 Qc7 26. Rf5 Qb7 27.
Qf3 Qxb2 28. Rf1 Rg6 29. Rxf7 Bg7 30. Qd1 Rc8 31. Bc5 Qc3 32. Qd5 Kh8 33. Bf8
Qc4 34. Bxg7+ Rxg7 35. Rf8+ Rg8 36. Rxg8+ 1-0